Food crop plants / (Record no. 22693)

MARC details
000 -LEADER
fixed length control field 00800nam a2200229 4500
005 - DATE AND TIME OF LATEST TRANSACTION
control field 20020327112551.0
008 - FIXED-LENGTH DATA ELEMENTS--GENERAL INFORMATION
fixed length control field 710422s1970 enk b 000 0 eng
010 ## - LCCN (DPL NO)
LC control number ENG-92721
020 ## - INTERNATIONAL STANDARD BOOK NUMBER
Terms of availability 140.00
International Standard Book Number 9789380015118
035 ## - SYSTEM CONTROL NUMBER
System control number EN-76254
037 ## - SOURCE OF ACQUISITION
Source of stock number/acquisition DBAD / PUB
040 ## - CATALOGING SOURCE
Original cataloging agency dpl
Language of cataloging English
082 ## - DEWEY DECIMAL CLASSIFICATION NUMBER
Classification number 631
100 ## - MAIN ENTRY--PERSONAL NAME
Personal name Balakrishnan, R.
245 ## - TITLE STATEMENT
Title Food crop plants /
Statement of responsibility, etc by R. Balakrishnan
260 ## - PUBLICATION, DISTRIBUTION, ETC. (IMPRINT)
Place of publication, distribution, etc Tamilnadu
Name of publisher, distributor, etc Annamalaiyar Educational Publication
Date of publication, distribution, etc 2008
270 ## - ADDRESS
Address 8/305, Thulasinga Nagar, Valparai Post,
City Tamilnadu
Postal code 642127
300 ## - PHYSICAL DESCRIPTION
Extent 114p.
Dimensions 20cm (pbk)
650 ## - SUBJECT ADDED ENTRY--TOPICAL TERM
Topical term or geographic name as entry element Food crops.
942 ## - ADDED ENTRY ELEMENTS (KOHA)
Source of classification or shelving scheme Dewey Decimal Classification
Item type English Books
Call number suffix BAL
Classification part 631
Holdings
Withdrawn status Lost status Source of classification or shelving scheme Damaged status Not for loan Collection code Home library Current library Date acquired Source of acquisition Cost, normal purchase price Total Checkouts Full call number Barcode Date last seen Copy number Cost, replacement price Koha item type
    Dewey Decimal Classification   Not For Loan Non-fiction D.B.Act.Division D.B.Act.Division 02/02/2009 DBAD / PUB 140.00   631 BAL EN-76254 30/01/2009 1 140.00 English Books

© Delhi Public Library
Hit Counter
free hit counter